China cities with subway/light rail systems - Statistics

General Stats
  • This quiz has been taken 102 times
  • The average score is 35 of 50
Answer Stats
Opening Length Municipality % Correct
1971 836 Beijing/Langfang
100%
1997 653 Guangzhou
98%
1993 831 Shanghai
98%
2004 555 Shenzhen
91%
2004 520 Chongqing
90%
1979 204 Hongkong
89%
2010 562 Chengdu
88%
2005 536 Nanjing/Zhenjiang/Chuzhou
88%
1976 310 Tianjin
88%
2004 486 Wuhan/Ezhou
88%
2011 311 Xi'an/Xianyang
88%
2013 84 Harbin
86%
2012 252 Suzhou/Kunshan
83%
2017 78 Xiamen
83%
2012 562 Hangzhou/Jiaxing/Haining
81%
2015 318 Qingdao
81%
2014 226 Changsha/Xiangtan
80%
2010 174 Shenyang
79%
2019 84 Jinan
77%
2002 141 Changchun
75%
2003 237 Dalian
75%
2018 28 Urumqi
75%
2016 139 fuzhou
74%
2013 345 Zhengzhou/Xuchang
74%
2016 128 Nanning
72%
2019 35 Lanzhou
70%
2016 38 dongguan
69%
2016 202 hefei
69%
2012 184 Kunming
68%
2019 13 Macao
65%
2014 183 Ningbo
65%
1996 215 Taipei/New Taipei/Taoyuan
65%
2020 24 Taiyuan
65%
2019 116 Wenzhou
65%
2017 77 Shijiazhuang
64%
2010 113 foshan
63%
2014 144 Wuxi
63%
2015 138 Nanchang
62%
2019 64 Xuzhou
62%
2017 119 Guiyang
58%
2019 49 Hohhot
57%
2019 54 Changzhou
53%
2022 60 nantong
53%
2021 44 Luoyang
49%
2008 65 Kaohsiung
42%
2022 53 Taizhou
42%
2021 46 Wuhu
42%
2021 17 Taichung
41%
2021 62 Shaoxing
37%
2022 106 Jinhua/Yiwu/Dongyang
35%
No matching quizzes found
Score Distribution
Percent of People with Each Score
Percentile by Number Answered
Your Score History
You have not taken this quiz